000 00845nam a2200241 a 4500
001 63806
003 BD-RjUL
005 20211209081232.0
008 040217s1969 kn c 000 0 eng d
035 _a(BD-RjUL)63936
040 _aDLC
_cDLC
_dBD-RjUL
_beng
041 _aeng
082 _a327.0904
_223
_bKIL 1969
100 1 _aKim, Il-sŏng,
_d1912-1994.
_9189393
245 1 0 _aLet us promote the world revolution, holding high the banner of Marxism-Leninism and proletarian internationalism,the banner of anti-imperialist, anti-U.S. struggle /
_c Kim Il Sung
260 _aPyongyang :
_bForeign Languages Pub. House,
_c1969.
300 _a271 p. :
_bill. ;
_c22 cm.
650 0 _aRevolutions
_9189414
650 0 _aWorld politics
_y1965-1975
_9189415
650 0 _aSocialism
_zKorea (North)
_9189416
942 _2ddc
_cBK
999 _c63806
_d63806